Catalan Comarques with the Least Municipalities - Statistics

General Stats
  • This quiz has been taken 132 times
  • The average score is 9 of 12
Answer Stats
# Comarca % Correct
5 Barcelonès
90%
3 Alta Ribagorça
82%
10 Moianès
79%
11 Pla de l'Estany
79%
9 Val d'Aran
79%
12 Montsià
77%
6 Garraf
75%
14 Pallars Jussà
71%
12 Terra Alta
69%
14 Baix Ebre
68%
14 Ribera d'Ebre
59%
14 Baix Penedès
55%
No matching quizzes found
Score Distribution
Percent of People with Each Score
Percentile by Number Answered
Your Score History
You have not taken this quiz